Alternatívy vývoja európskej integrácie

Na minha lista:
Detalhes bibliográficos
Autor principal: Kittová, Zuzana, 1975-
Autor Corporativo: Ekonomická univerzita v Bratislave. Obchodná fakulta
Outros Autores: Baláž, Peter, Vetrák, Milan, Mattoš, Boris, 1977-, Silná, Zuzana, Gavaľová, Viera, Ďurfina, Anna
Formato: Livro
Idioma:eslovaco
Publicado em: Bratislava Vydavateľstvo EKONÓM 2014
Edição:2. prepracované a doplnené vydanie
Assuntos:
Tags: Adicionar Tag
Sem tags, seja o primeiro a adicionar uma tag!

MARC

LEADER 00000nam a2200000 4500
001 0194198
005 20240603072150.1
020 |a 978-80-225-3892-3 
041 0 |a slo 
044 |a SK 
245 1 0 |a Alternatívy vývoja európskej integrácie  |c Zuzana Kittová a kolektív ; recenzentky: Viera Gavaľová, Anna Ďurfina 
250 |a 2. prepracované a doplnené vydanie 
264 1 |a Bratislava  |b Vydavateľstvo EKONÓM  |c 2014 
300 |a 336 s. [23,82 AH] 
610 2 0 |a integrácia ekonomická medzinárodná 
610 2 0 |a právo európske 
610 2 0 |a zmluvy medzinárodné 
610 2 0 |a Európska únia 
610 2 0 |a vzťahy hospodárske medzinárodné 
610 2 0 |a bezpečnosť energetická 
610 2 0 |a konkurencieschopnosť 
100 1 |a Kittová, Zuzana, 1975- 
700 1 |a Baláž, Peter 
700 1 |a Vetrák, Milan 
700 1 |a Mattoš, Boris, 1977- 
700 1 |a Silná, Zuzana 
700 1 |a Gavaľová, Viera 
700 1 |a Ďurfina, Anna 
710 2 |a Ekonomická univerzita v Bratislave. Obchodná fakulta